[Event "Summer Cup"]
[Site "Wellington Chess Club"]
[Date "2021.02.04"]
[Round "2.9"]
[White "Uzbekov, Igor"]
[Black "Benitez, Edgar"]
[Result "1-0"]
[WhiteElo "1500"]
[BlackElo "2033"]

1. e4 e5 2. Nf3 Nc6 3. d4 exd4 4. Bc4 Nf6 5. e5 d5 6. Bb5 Ne4 7. Nxd4 Bd7 8.
Bxc6 bxc6 9. O-O Be7 10. Nd2 O-O 11. Nxe4 dxe4 12. Re1 c5 13. Nb3 Bc6 14. Be3
c4 15. Nd4 Bd5 16. Nf5 Be6 17. Qg4 g6 18. Nh6+ Kh8 19. Qxe4 Bg5 20. Rad1 Qe7
21. Ng4 Bxe3 22. Rxe3 Rad8 23. Rxd8 Rxd8 24. h3 Rd1+ 25. Kh2 Bxg4 26. Qxg4 Rd2
27. Re2 Rd5 28. Qxc4 Rxe5 29. Qc3 f6 30. Rxe5 Qxe5+ 31. Qxe5 fxe5 32. Kg3 Kg7
33. Kf3 Kf6 34. c4 Kf5 35. g4+ Ke6 36. b4 a6 37. a4 c6 38. b5 axb5 39. axb5
cxb5 40. cxb5 Kd5 41. b6 Kc6 42. Ke4 Kxb6 43. Kxe5 Kc6 44. Kf6 Kd5 45. Kg7 Ke4
46. Kxh7 Kf3 47. Kxg6 {Black resigns} 1-0

[Event "Summer Cup"]
[Site "Wellington Chess Club"]
[Date "2021.02.04"]
[Round "2.10"]
[White "Symon, Christopher"]
[Black "Winsley, Daniel"]
[Result "1-0"]
[WhiteElo "2022"]
[BlackElo "1500"]

1. Nf3 c5 2. e4 d6 3. d4 cxd4 4. Nxd4 Nf6 5. Nc3 a6 6. Bg5 e5 7. Nb3 Be6 8. Bd3
Be7 9. O-O O-O 10. f4 exf4 11. Bxf4 Qb6+ 12. Kh1 Nbd7 13. Qe2 Ne5 14. Be3 Qc6
15. Nd4 Qd7 16. Nf3 Rac8 17. Rad1 Nc4 18. Bc1 Qc7 19. Rfe1 Qb6 20. Nd5 Bxd5 21.
exd5 Ng4 22. Nd4 Nce5 23. Bf5 Rc4 24. Bxg4 Bf6 25. Bh3 Qb4 26. c3 Qc5 27. Be3
Qxd5 28. Ne6 fxe6 29. Rxd5 exd5 30. Be6+ 1-0

[Event "Summer Cup"]
[Site "Wellington Chess Club"]
[Date "2021.02.04"]
[Round "2.11"]
[White "Wang, Cheng Qi(Max)"]
[Black "Jackson, Ross"]
[Result "0-1"]
[WhiteElo "1034"]
[BlackElo "2006"]

1. e4 c5 2. Nf3 e6 3. d4 cxd4 4. Nxd4 d6 5. c4 Nf6 6. Nc3 Nc6 7. Be3 Bd7 8.
Ndb5 Qb8 9. Bd3 a6 10. Nd4 Be7 11. Nxc6 Bxc6 12. b4 O-O 13. O-O Bd7 14. c5 dxc5
15. bxc5 Bxc5 16. Bxc5 Qe5 17. Na4 Rad8 18. Nb6 Bb5 19. Re1 Rxd3 20. Qc2 Rc3
21. Qb1 Qxc5 22. Qb2 Rc2 23. Qxc2 Qxc2 24. Rac1 Qxa2 25. h3 Qa5 26. Nc8 g6 27.
Ne7+ Kg7 28. Nc8 Rxc8 29. Ra1 Qc3 30. e5 Nd5 0-1

[Event "Summer Cup"]
[Site "Wellington Chess Club"]
[Date "2021.02.04"]
[Round "2.12"]
[White "Eccles, Dannin"]
[Black "Cilia Vincenti, David"]
[Result "0-1"]
[WhiteElo "1500"]
[BlackElo "2276"]

1. e4 d5 2. exd5 Qxd5 3. Nc3 Qd6 4. Nf3 Nf6 5. d4 c6 6. Be3 Bf5 7. Bd3 Bxd3 8.
Qxd3 e6 9. h3 Nbd7 10. Ne4 Nxe4 11. Qxe4 Nf6 12. Qd3 Be7 13. c3 O-O 14. Ng5 c5
15. O-O cxd4 16. Qxd4 Qc6 17. Qh4 h6 18. Nf3 Nd5 19. Qd4 Nxe3 20. Qxe3 Bc5 21.
Ne5 Bxe3 22. Nxc6 Bxf2+ 23. Rxf2 bxc6 24. Raf1 f6 25. b4 Rfd8 26. c4 Rd4 27.
Rc1 Rad8 28. Rb2 Rd1+ 29. Rxd1 Rxd1+ 30. Kf2 Rc1 31. c5 Kf7 32. Ke2 e5 33. Kd2
Rc4 34. a4 Ke6 35. Kd3 Kd5 36. Ke3 Rd4 37. a5 a6 38. g3 Kc4 39. b5 cxb5 40.
Rc2+ Kb3 41. Rd2 Rc4 42. Rd6 Rxc5 43. Rxa6 b4 44. Ra7 Ka2 45. Rb7 b3 46. a6 b2
47. a7 Ra5 48. Rxb2+ Kxb2 49. a8=Q Rxa8 50. h4 Ra3+ 51. Kf2 Kc2 0-1

[Event "Summer Cup"]
[Site "Wellington Chess Club"]
[Date "2021.02.04"]
[Round "2.13"]
[White "Sellen, Ian"]
[Black "Milne, Josef"]
[Result "1-0"]
[WhiteElo "2044"]
[BlackElo "1500"]

1. c4 e6 2. d4 d5 3. Nc3 Nf6 4. Bg5 Be7 5. e3 O-O 6. Nf3 b6 7. Rc1 Bb7 8. Bd3
Nbd7 9. O-O Rc8 10. Qe2 c5 11. cxd5 Nxd5 12. Bxe7 Qxe7 13. Rfd1 N7f6 14. Bb1
Nxc3 15. bxc3 Be4 16. Bxe4 Nxe4 17. Qd3 Nf6 18. c4 Rfd8 19. Qb3 h6 20. a4 Ne4
21. Qc2 Ng5 22. Nxg5 Qxg5 23. Qe4 Qe7 24. d5 Qb7 25. Qd3 exd5 26. cxd5 Rd6 27.
e4 Rcd8 28. Qc4 Qd7 29. Rd3 Rg6 30. Re1 Re8 31. h3 Re5 32. f4 Re8 33. e5 Qb7
34. Re2 Qd7 35. e6 fxe6 36. dxe6 Qb7 37. f5 Rg5 38. e7+ Kh7 39. Rd8 1-0

[Event "Summer Cup"]
[Site "Wellington Chess Club"]
[Date "2021.02.04"]
[Round "2.14"]
[White "Moreno, Cristian"]
[Black "Osborne, Geoff"]
[Result "0-1"]
[WhiteElo "1500"]
[BlackElo "1252"]

1. c4 Nf6 2. d4 g6 3. Bg5 Bg7 4. Nc3 O-O 5. e4 d6 6. Nf3 Nc6 7. h3 a6 8. Be2 e5
9. d5 Ne7 10. O-O Nh5 11. Qd2 f5 12. Bh6 f4 13. Bxg7 Kxg7 14. c5 h6 15. cxd6
cxd6 16. a4 g5 17. Nxe5 Nf6 18. Nc4 Rb8 19. Qd4 Kg8 20. a5 Ng6 21. b4 h5 22.
Qd1 g4 23. hxg4 Bxg4 24. Nb6 Ne5 25. f3 Bc8 26. b5 Nfd7 27. Nca4 h4 28. Qe1 h3
29. gxh3 Nxb6 30. Nxb6 Bxh3 31. Rf2 Kf7 32. Rh2 Qg5+ 33. Kh1 Rh8 34. Qg1 Rbg8
35. bxa6 bxa6 36. Qxg5 Rxg5 37. Rg1 Rgh5 38. Na4 Bf1 39. Rxf1 Rxh2+ 40. Kg1
Rh1+ 41. Kf2 Rxf1+ 42. Bxf1 Rh2+ 43. Bg2 Ke7 44. Kg1 Rh8 45. Kf2 Nc4 46. Bf1
Nxa5 47. Bxa6 Rh2+ 48. Ke1 Nb3 49. Nc3 Kf6 50. Ne2 Ke5 51. Bb5 Nd4 52. Nxd4
Kxd4 53. Bf1 Ke3 0-1

[Event "Summer Cup"]
[Site "Wellington Chess Club"]
[Date "2021.02.04"]
[Round "2.15"]
[White "Brockway, Andrew"]
[Black "Rudykh, Richard"]
[Result "1-0"]
[WhiteElo "1817"]
[BlackElo "1500"]

1. e4 e5 2. Nf3 Nc6 3. Bb5 f6 4. O-O Nb8 5. d4 a6 6. Ba4 b5 7. Bb3 Ne7 8. dxe5
Nbc6 9. exf6 gxf6 10. Bf4 Bb7 11. Nbd2 Na5 12. Re1 Ng6 13. Bg3 Qe7 14. Bxc7
Nxb3 15. axb3 d5 16. exd5 Ne5 17. Bxe5 fxe5 18. Rxe5 Rg8 19. Rxe7+ Bxe7 20. Qe2
Bxd5 21. Re1 Ra7 22. Qe5 Bf7 23. Qb8+ Kd7 24. Qxa7+ Ke8 25. Qxe7# 1-0

[Event "Summer Cup"]
[Site "Wellington Chess Club"]
[Date "2021.02.04"]
[Round "2.16"]
[White "Kibblewhite, Daniel"]
[Black "Rudykh, Dmitry"]
[Result "0-1"]
[WhiteElo "1639"]
[BlackElo "1500"]

1. d4 d5 2. c4 dxc4 3. e3 e6 4. Bxc4 c5 5. Nf3 a6 6. O-O b5 7. Be2 Nf6 8. Nbd2
Bb7 9. Qc2 Nbd7 10. b3 Rc8 11. Qb1 cxd4 12. Nxd4 Be7 13. Bb2 O-O 14. Bf3 Bxf3
15. N2xf3 g6 16. Rd1 e5 17. Ne2 e4 18. Ne5 Qc7 19. Nxd7 Nxd7 20. Qxe4 Rfe8 21.
Rac1 Qb8 22. Rxd7 Bf6 23. Qxe8+ Rxe8 24. Bxf6 Qb6 25. Bd4 Qe6 26. Rcc7 Qf5 27.
h3 g5 28. Rxf7 Qxf7 29. Rxf7 Kxf7 30. f3 Rc8 31. Kf2 b4 32. f4 h6 33. Kf3 Rc2
34. Ng3 Rxa2 35. Ne4 Kg6 36. g4 a5 37. f5+ Kf7 38. Nc5 Rh2 39. Kg3 Ra2 40. e4
Rd2 41. Be5 Rc2 42. Nb7 Ra2 43. Nc5 Rc2 44. Nb7 Ra2 45. Nd6+ Ke7 46. f6+ Kf8
47. f7 Ra3 48. Nc4 Rxb3+ 49. Kg2 a4 50. Na5 Rd3 51. Nc4 a3 52. Bd6+ Rxd6 53.
Nxd6 a2 0-1

[Event "Summer Cup"]
[Site "Wellington Chess Club"]
[Date "2021.02.04"]
[Round "2.17"]
[White "De Silva, Shashika"]
[Black "Zaslow, Henry"]
[Result "1-0"]
[WhiteElo "1500"]
[BlackElo "1500"]

1. e4 Nf6 2. Nc3 d5 3. e5 d4 4. exf6 dxc3 5. fxg7 Bxg7 6. bxc3 Nc6 7. d4 e5 8.
d5 Ne7 9. Bb5+ Bd7 10. Rb1 b6 11. Bg5 Bxb5 12. Bxe7 Qxe7 13. Rxb5 Qa3 14. Ne2
Qxa2 15. O-O O-O-O 16. Qd3 a6 17. Rb3 Qa5 18. c4 Qc5 19. Nc3 Qe7 20. c5 Qxc5
21. Qxa6+ Kd7 22. Ne4 Qxc2 23. Qa4+ Ke7 24. Qb4+ Kd7 25. Rc3 Qa2 26. Qb5+ Kc8
27. Qxb6 Rd7 28. d6 1-0

[Event "Summer Cup"]
[Site "Wellington Chess Club"]
[Date "2021.02.04"]
[Round "2.18"]
[White "Ker, Anthony"]
[Black "Bielski, Nikolas"]
[Result "1-0"]
[WhiteElo "2440"]
[BlackElo "1515"]

1. e4 c5 2. Nc3 Nc6 3. f4 d6 4. Nf3 Bg4 5. Bb5 Nf6 6. O-O a6 7. Bxc6+ bxc6 8.
Qe1 Bxf3 9. Rxf3 e5 10. fxe5 dxe5 11. d3 Be7 12. Qg3 Qd6 13. Qxg7 Rg8 14. Qh6
Ng4 15. Qxd6 Bxd6 16. h3 Be7 17. hxg4 Rxg4 18. Be3 a5 19. Raf1 f6 20. Na4 Rb8
21. b3 Kd7 22. Nxc5+ Kd6 23. Rxf6+ Bxf6 24. Rxf6+ Ke7 25. Re6+ Kf7 26. Rxe5
Rbg8 27. Rf5+ Ke7 28. Rf2 h5 29. e5 h4 30. Kh2 Rg3 31. Bf4 R3g4 32. e6 h3 33.
gxh3 R4g6 34. Be5 Rg1 35. h4 R1g4 36. Kh3 Rg1 37. Rf7+ Ke8 38. Ne4 Rh1+ 39. Bh2
Rg6 40. Nd6+ 1-0

[Event "Summer Cup"]
[Site "Wellington Chess Club"]
[Date "2021.02.04"]
[Round "2.19"]
[White "Jelley, Arch"]
[Black "Chaturvedi, Vivaan"]
[Result "1-0"]
[WhiteElo "1910"]
[BlackElo "1500"]

1. e4 c5 2. Nf3 d6 3. d4 cxd4 4. Nxd4 Nf6 5. Nc3 a6 6. Bc4 Nc6 7. h3 d5 8. exd5
Nxd5 9. Bxd5 e6 10. Bxc6+ bxc6 11. Be3 c5 12. Nb3 Qxd1+ 13. Rxd1 Bb7 14. O-O c4
15. Na5 Bd5 16. Rfe1 Bb4 17. Rxd5 exd5 18. Bc5+ Kd8 19. Bxb4 Rb8 20. Nxd5 Re8
21. Nc6+ 1-0

[Event "Summer Cup"]
[Site "Wellington Chess Club"]
[Date "2021.02.04"]
[Round "2.20"]
[White "Carroll, Lewis"]
[Black "Jones, Christopher"]
[Result "1-0"]
[WhiteElo "1684"]
[BlackElo "1500"]

1. b3 e5 2. c4 c6 3. Bb2 e4 4. e3 Nf6 5. d4 d5 6. Nc3 Nbd7 7. Nge2 Bd6 8. c5
Bb8 9. b4 b5 10. a4 a6 11. Qb3 O-O 12. axb5 cxb5 13. Nxb5 Bb7 14. Na3 Kh8 15.
Rc1 Bc8 16. Nc3 Ng8 17. Nxd5 Ndf6 18. Nb6 Ra7 19. d5 Bc7 20. Nxc8 Qxc8 21. d6
Bd8 22. c6 Ng4 23. h3 N4h6 24. b5 Bf6 25. Bxf6 Nxf6 26. b6 Rb7 27. Bxa6 Nhg4
28. Bxb7 Qf5 29. hxg4 Nxg4 30. Rf1 1-0

[Event "Summer Cup"]
[Site "Wellington Chess Club"]
[Date "2021.02.04"]
[Round "2.21"]
[White "Ackroyd, William"]
[Black "Keay, Matt"]
[Result "0-1"]
[WhiteElo "1670"]
[BlackElo "1500"]

1. e4 c6 2. d4 d5 3. e5 Bf5 4. h4 h6 5. g4 Bh7 6. e6 fxe6 7. Bd3 Bxd3 8. Qxd3
Qc7 9. Qg6+ Kd7 10. Nf3 {Black is completely busted} 10... Nf6 11. Ne5+ Kc8 12.
O-O Nbd7 13. Bf4 Qb6 14. g5 hxg5 15. hxg5 Qxd4 {White is completely busted} 16.
gxf6 Qxf4 17. Qe8+ Kc7 18. Qxd7+ Kb6 19. Re1 Qg5+ 20. Kf1 Rh1+ {White resigns}
0-1

[Event "Summer Cup"]
[Site "Wellington Chess Club"]
[Date "2021.02.04"]
[Round "2.22"]
[White "Malcolm, Aidan"]
[Black "Shyamsundar, Tejas"]
[Result "0-1"]
[WhiteElo "1500"]
[BlackElo "1647"]

1. e4 e5 2. Nf3 Nf6 3. Bc4 Bc5 4. d3 Nc6 5. c3 O-O 6. b4 Bb6 7. a4 a6 8. O-O d6
9. Nbd2 Ne7 10. Bb3 Bg4 11. Nc4 Ba7 12. Ne3 Bh5 13. h3 Qd7 14. Bc2 Ng6 15. Nf5
Ne7 16. Ng3 Bg6 17. Nh4 Rad8 18. Bg5 Ne8 19. Nxg6 fxg6 20. h4 Nf6 21. h5 h6 22.
Bb3+ Kh8 23. Bxf6 Rxf6 24. hxg6 Rxg6 25. Qf3 Rf6 26. Qh5 Rdf8 27. Ra2 Qe8 28.
Qxe8 Rxe8 29. Nh5 Rff8 30. Rb2 c6 31. b5 d5 32. bxa6 bxa6 33. exd5 cxd5 34. Re1
d4 35. cxd4 Bxd4 36. Rc2 Nf5 37. Kh2 g6 38. Ng3 Nxg3 39. Kxg3 Kg7 40. Rc7+ Kh8
41. f3 e4 42. Rd7 Be5+ 43. Kf2 exf3 44. Bf7 Bg3+ 0-1

[Event "Summer Cup"]
[Site "Wellington Chess Club"]
[Date "2021.02.04"]
[Round "2.23"]
[White "Qu, Lucas"]
[Black "Marney, John"]
[Result "0-1"]
[WhiteElo "1500"]
[BlackElo "1638"]

1. b3 d5 2. g3 Nf6 3. Bg2 Bf5 4. Bb2 e6 5. d3 Be7 6. e3 c5 7. Nd2 Nc6 8. Ne2
Qc7 9. O-O O-O-O 10. d4 h5 11. a4 h4 12. e4 dxe4 13. Nc4 cxd4 14. a5 hxg3 15.
fxg3 Bh3 16. Nf4 Bxg2 17. Nxg2 Bc5 18. Kh1 Qxg3 19. Kg1 d3+ 20. Rf2 Bxf2+ 21.
Kf1 Rxh2 22. Nd6+ Rxd6 23. Qh5 Qxg2# 0-1

[Event "Summer Cup"]
[Site "Wellington Chess Club"]
[Date "2021.02.04"]
[Round "2.24"]
[White "Darr, Samuel"]
[Black "Miller, Jackson"]
[Result "1/2-1/2"]
[WhiteElo "1632"]
[BlackElo "1500"]

1. e4 e5 2. Nf3 Nc6 3. Bc4 Nf6 4. Nc3 Nxe4 5. Nxe4 d5 6. Bd3 dxe4 7. Bxe4 Bc5
8. O-O O-O 9. h3 f5 10. Bxc6 bxc6 11. Nxe5 Qd5 12. d4 Bxd4 13. Nxc6 Qxc6 14.
Qxd4 Bb7 15. f3 Qxc2 16. Bd2 Rad8 17. Qc3 Rxd2 18. Qxc2 Rxc2 19. Rf2 Rxf2 20.
Kxf2 Re8 21. Rc1 Re7 22. Rc5 g6 23. Ra5 a6 24. Rc5 Bc8 25. Rc6 Kf7 26. Kg3 Ke8
27. Rc3 Be6 28. Ra3 Bc4 29. Ra4 Bb5 30. Rb4 c6 31. a4 Bd3 32. Rb8+ Kf7 33. Rb6
Re6 34. Rb7+ Kf6 35. Rxh7 Bc2 36. Rh4 Re2 37. Rc4 Bb3 38. Rxc6+ Kg5 39. Rxa6
Rxb2 40. Rb6 Rb1 41. a5 Bc2 42. Rxb1 Bxb1 43. a6 Ba2 44. h4+ Kf6 45. a7 Bd5 46.
Kf4 Bb7 47. g4 fxg4 48. fxg4 Bc6 49. g5+ 1/2-1/2

[Event "Summer Cup"]
[Site "Wellington Chess Club"]
[Date "2021.02.04"]
[Round "2.25"]
[White "Vachon, Mia"]
[Black "Farrington, Lawrence"]
[Result "0-1"]
[WhiteElo "1500"]
[BlackElo "1611"]

1. e4 e6 2. Nf3 d5 3. Nc3 c5 4. d4 Nf6 5. e5 Nfd7 6. Be3 cxd4 7. Bxd4 Nc6 8.
Bd3 Nxd4 9. Nxd4 Nxe5 10. Bb5+ Bd7 11. O-O Bxb5 12. Ncxb5 Nc6 13. Re1 Qd7 14.
Qd3 Nxd4 15. Nxd4 Be7 16. Qb5 Qxb5 17. Nxb5 Kd7 18. Rad1 Rhc8 19. c3 a6 20. Nd4
Bf6 21. Re2 Re8 22. f4 Bxd4+ 23. Rxd4 Rac8 24. g3 g6 25. Rd3 Rc6 26. Red2 Ke7
27. b3 Rc7 28. Kg2 Kf8 29. Rc2 Rec8 30. Kf3 b5 31. Rdd2 Rxc3+ 32. Rxc3 Rxc3+
33. Ke2 Ke7 34. Rd3 Rxd3 35. Kxd3 Kd7 36. Kd4 Kd6 37. a4 bxa4 38. bxa4 a5 39.
h4 f6 40. g4 e5+ 41. fxe5+ fxe5+ 42. Ke3 h6 43. Kf3 Kc5 44. g5 hxg5 45. hxg5
Kb4 0-1

[Event "Summer Cup"]
[Site "Wellington Chess Club"]
[Date "2021.02.04"]
[Round "2.26"]
[White "Loke, Kayden"]
[Black "Cooke, Xandi"]
[Result "1-0"]
[WhiteElo "1608"]
[BlackElo "1475"]

1. e4 c5 2. Nf3 Nc6 3. d4 cxd4 4. Nxd4 Nf6 5. Nc3 e5 6. Nb3 Bb4 7. f3 Bxc3+ 8.
bxc3 d5 9. Bg5 d4 10. cxd4 Nxd4 11. Nxd4 exd4 12. Qd2 Be6 13. Rb1 b6 14. Bb5+
Kf8 15. Rb4 Bxa2 16. Rxd4 Qc7 17. Bxf6 gxf6 18. c4 Qe5 19. f4 Qc5 20. Rd5 Qa3
21. Rd3 Bb3 22. Qc3 a6 23. Bd7 Ke7 24. Qxb3 Qxb3 25. Rxb3 Kxd7 26. Rxb6 Rab8
27. Rxb8 Rxb8 28. Ke2 Re8 29. Kd3 Kc6 30. Ra1 Ra8 31. Ra5 Kb6 32. Rf5 Rd8+ 33.
Kc3 Rd6 34. c5+ 1-0

[Event "Summer Cup"]
[Site "Wellington Chess Club"]
[Date "2021.02.04"]
[Round "2.27"]
[White "Dunlop, Rafe"]
[Black "Pendharkar, Ajit"]
[Result "0-1"]
[WhiteElo "1376"]
[BlackElo "1605"]

1. e4 e6 2. d4 d5 3. e5 c5 4. Nf3 Nc6 5. Be3 Qb6 6. b3 Nh6 7. Bxh6 gxh6 8. c3
Bg7 9. Be2 Bd7 10. Na3 a6 11. Nc2 Qc7 12. a4 Rc8 13. Qc1 cxd4 14. cxd4 Nb4 15.
Nxb4 Qxc1+ 16. Rxc1 Rxc1+ 17. Bd1 O-O 18. O-O Rfc8 19. Nd3 R1c3 20. Nf4 a5 21.
Ne1 b5 22. Ned3 bxa4 23. bxa4 R3c4 24. Nc5 Be8 25. Ne2 Bf8 26. Nb7 Ra8 27. f4
Ra7 28. Nd6 Bxd6 29. exd6 f5 0-1

[Event "Summer Cup"]
[Site "Wellington Chess Club"]
[Date "2021.02.04"]
[Round "2.28"]
[White "Van der Hoorn, Thomas"]
[Black "Bennett, Ezra"]
[Result "1-0"]
[WhiteElo "1599"]
[BlackElo "1399"]

1. e4 Nf6 2. e5 Nd5 3. d4 d6 4. Nf3 Bg4 5. Bc4 Nb6 6. Bxf7+ Kd7 7. exd6 cxd6 8.
Ne5+ dxe5 9. Qxg4+ Kc7 10. Nc3 a6 11. d5 Qd6 12. a4 N8d7 13. a5 Nc8 14. Be3 b5
15. axb6+ Ncxb6 16. Rxa6 Kb7 17. Rxa8 Kxa8 18. O-O g6 19. Nb5 Nf6 20. Ra1+ Kb8
21. Qh3 Qd7 22. Bxb6 Qxb5 23. Ra8+ Kb7 24. Qc8+ Kxb6 25. Rb8+ Ka5 26. Qc3+ Ka6
27. Qa3+ Qa5 28. Ra8+ 1-0

[Event "Summer Cup"]
[Site "Wellington Chess Club"]
[Date "2021.02.11"]
[Round "3.1"]
[White "Croad, Nicolas"]
[Black "Forster, Bill"]
[Result "1-0"]
[WhiteElo "2455"]
[BlackElo "2038"]

1. e4 c5 2. Nf3 a6 3. c3 e6 4. d4 d5 5. e5 Bd7 6. Bd3 Nc6 7. O-O cxd4 8. cxd4
Nb4 9. Be2 Ne7 10. a3 Nbc6 11. Bd3 Qb6 12. Bc2 Nf5 13. Bxf5 exf5 14. Nc3 Be6
15. b4 h6 16. Rb1 Be7 17. b5 Na5 18. bxa6 Qxa6 19. Nb5 O-O 20. Nc7 Qc6 21. Nxa8
Rxa8 22. Qd3 Nc4 23. Qb3 Ra7 24. h3 f4 25. Bxf4 Bf5 26. Ra1 Ra6 27. Rfc1 Bxa3
28. Rc3 Bb2 29. Rxa6 Qxa6 30. Rxc4 Qa1+ 31. Bc1 Bxc1 32. Ra4 Ba3+ 33. Kh2 Qc1
34. Qxa3 Qf4+ 35. g3 1-0

[Event "Summer Cup"]
[Site "Wellington Chess Club"]
[Date "2021.02.11"]
[Round "3.2"]
[White "Wastney, Scott"]
[Black "Symon, Christopher"]
[Result "1-0"]
[WhiteElo "2434"]
[BlackElo "2022"]

1. e4 c5 2. Nf3 Nc6 3. Bb5 g6 4. Bxc6 dxc6 5. d3 Bg7 6. h3 Nf6 7. Nc3 O-O 8.
Be3 Nd7 9. Qd2 b6 10. Bh6 Qc7 11. Bxg7 Kxg7 12. O-O Ba6 13. Nh2 Nf6 14. Rae1 h5
15. f4 e5 16. fxe5 Qxe5 17. Nf3 Qc7 18. e5 Nd5 19. Ng5 Rae8 20. e6 f6 21. Nxd5
cxd5 22. Nf7 Rxf7 23. exf7 Qxf7 24. Rxe8 Qxe8 25. Re1 Qd7 26. Qe3 Kf7 27. Qh6
1-0

[Event "Summer Cup"]
[Site "Wellington Chess Club"]
[Date "2021.02.11"]
[Round "3.3"]
[White "Jackson, Ross"]
[Black "Wojnar, Maciej"]
[Result "0-1"]
[WhiteElo "2006"]
[BlackElo "2101"]

1. d4 f5 2. Nf3 e6 3. g3 Nf6 4. Bg2 d5 5. Bf4 Be7 6. Nbd2 O-O 7. Ne5 Nbd7 8.
Ndf3 Ne4 9. h4 c5 10. c3 cxd4 11. Nxd4 Nxe5 12. Bxe5 Bd6 13. Nf3 Qb6 14. Bd4
Qxb2 15. Rb1 Qxa2 16. O-O b6 17. Ra1 Qc4 18. Qc2 Qc7 19. Rfc1 Bb7 20. Qb2 e5
21. Be3 Bc5 22. Bxc5 Qxc5 23. e3 f4 24. gxf4 exf4 25. exf4 Rxf4 26. Ra2 Qf8 27.
Qe2 Qf6 28. Qd3 Nc5 29. Qe3 Rf8 30. Nd4 Qxh4 31. Rxa7 Rxf2 32. Rxb7 Qg4 33. Qh3
Qxh3 34. Bxh3 Nxb7 35. Be6+ Kh8 36. Bxd5 Nc5 37. Rb1 R2f6 38. Bc6 Rg6+ 39. Kh1
Rg4 40. Rb2 Rh4+ 41. Rh2 Rxh2+ 42. Kxh2 0-1

[Event "Summer Cup"]
[Site "Wellington Chess Club"]
[Date "2021.02.11"]
[Round "3.4"]
[White "Wojnar, Jacek"]
[Black "Hall, Nathan"]
[Result "1/2-1/2"]
[WhiteElo "2057"]
[BlackElo "1867"]

1. e4 c5 2. f4 d5 3. exd5 Nf6 4. Nc3 e6 5. Bb5+ Bd7 6. dxe6 fxe6 7. Qe2 Qe7 8.
Bxd7+ Nbxd7 9. Nf3 Nd5 10. Nxd5 exd5 11. Qxe7+ Bxe7 12. d4 Rc8 13. c3 O-O 14.
O-O Nf6 15. Be3 c4 16. Rae1 Ne4 17. Nd2 Nf6 18. Bf2 Bd6 19. Bh4 b5 20. Bxf6
Rxf6 21. g3 b4 22. Nf3 Rb8 23. Ne5 Bxe5 24. Rxe5 bxc3 25. bxc3 Rb5 26. Rfe1 a5
27. a4 Rb3 28. Rxd5 Rxc3 29. Rxa5 Rd3 30. d5 Rd6 31. Re6 R6xd5 32. Rxd5 Rxd5
33. Rc6 Rd1+ 34. Kg2 Rc1 35. a5 Ra1 36. Rxc4 Rxa5 37. Rc7 h6 38. Kf3 Rh5 39. h4
Rb5 40. Re7 Rb3+ 41. Kg4 h5+ 42. Kh3 Rc3 43. Re5 g6 44. Rg5 Kh7 45. f5 gxf5 46.
Rxf5 Kg6 47. Rf4 Rb3 48. Kg2 Rc3 49. Kf2 Rb3 50. Re4 Kf5 51. Re3 Rb2+ 52. Kf3
Rb4 53. Rc3 Rg4 54. Rc5+ Kg6 55. Rc8 Kg7 56. Re8 Rc4 57. Re4 Rc3+ 58. Kf4 Kg6
59. Re6+ Kg7 60. Re3 Rc4+ 61. Re4 Rc3 62. Re5 Kg6 63. Re6+ Kg7 64. Kg5 Rxg3+
65. Kxh5 Kf7 66. Re5 Rg8 67. Rg5 Rh8+ 68. Kg4 Rg8 69. Kf5 Rb8 70. Kg4 Rg8 71.
Kf4 Rxg5 72. hxg5 Kg6 73. Kg4 Kg7 74. Kf3 Kf7 1/2-1/2

[Event "Summer Cup"]
[Site "Wellington Chess Club"]
[Date "2021.02.11"]
[Round "3.5"]
[White "Russell, Athula"]
[Black "Brockway, Andrew"]
[Result "1-0"]
[WhiteElo "2261"]
[BlackElo "1817"]

1. e4 c5 2. Nf3 g6 3. d4 cxd4 4. Qxd4 Nf6 5. Nc3 Nc6 6. Qa4 Ng4 7. h3 Nge5 8.
Nxe5 Nxe5 9. Be3 Bg7 10. Nd5 Nc6 11. O-O-O e6 12. Nb6 Rb8 13. Nxc8 Rxc8 14. Qa3
Qc7 15. Rd2 Nd4 16. c3 Bf8 17. Qxa7 Nc6 18. Qb6 Qxb6 19. Bxb6 Ne5 20. Bd4 1-0

[Event "Summer Cup"]
[Site "Wellington Chess Club"]
[Date "2021.02.11"]
[Round "3.6"]
[White "Langford, Josh"]
[Black "Sellen, Ian"]
[Result "1/2-1/2"]
[WhiteElo "1680"]
[BlackElo "2044"]

1. e4 e6 2. Nf3 g6 3. d4 Bg7 4. Nc3 Ne7 5. h4 c5 6. h5 cxd4 7. Nxd4 Nbc6 8.
Ndb5 d5 9. exd5 Bxc3+ 10. bxc3 Nxd5 11. c4 Nde7 12. Nd6+ Kf8 13. Bh6+ Kg8 14.
Qd2 Nf5 15. O-O-O Qxd6 16. Qxd6 Nxd6 17. Rxd6 f6 18. Bd3 Kf7 19. Be4 Na5
1/2-1/2

[Event "Summer Cup"]
[Site "Wellington Chess Club"]
[Date "2021.02.11"]
[Round "3.7"]
[White "Tanoi, Edward"]
[Black "Webster, Jamie"]
[Result "1-0"]
[WhiteElo "1934"]
[BlackElo "1720"]

1. e4 e5 2. Nf3 Nc6 3. Bc4 Bc5 4. c3 Nf6 5. d3 d6 6. O-O a6 7. Bb3 Ba7 8. Nbd2
O-O 9. h3 h6 10. Re1 Re8 11. Nf1 Be6 12. Bc2 Qd7 13. d4 Bxh3 14. gxh3 Qxh3 15.
N1h2 Rad8 16. Re3 Ng4 17. Nxg4 Qxg4+ 18. Kh1 exd4 19. cxd4 Nxd4 20. Nxd4 Qxd1+
21. Bxd1 Bxd4 22. Re2 Re5 23. f3 Rde8 24. Be3 Bxe3 25. Rxe3 d5 26. Bc2 d4 27.
Re2 Rd8 28. Bd3 g5 29. Rc1 Rd7 30. Kg2 f6 31. Rec2 c6 32. Rc5 Kg7 33. Kg3 h5
34. f4 h4+ 35. Kg4 Rxc5 36. Rxc5 Kh6 37. fxg5+ fxg5 38. Rxg5 Rg7 39. Rxg7 Kxg7
40. Kxh4 Kf6 41. Kg4 Ke5 42. Kf3 a5 43. a4 c5 44. b3 b6 45. Bc4 1-0

[Event "Summer Cup"]
[Site "Wellington Chess Club"]
[Date "2021.02.11"]
[Round "3.8"]
[White "Rudykh, Dmitry"]
[Black "Wevers, Alexis"]
[Result "1-0"]
[WhiteElo "1500"]
[BlackElo "1831"]

1. e4 c5 2. Nf3 d6 3. d4 cxd4 4. Nxd4 Nf6 5. Bd3 Nc6 6. Nxc6 bxc6 7. h3 e5 8.
O-O Be7 9. c4 O-O 10. b3 d5 11. Nd2 Bb4 12. Re1 Bb7 13. a3 Bc3 14. Ra2 dxe4 15.
Bxe4 Nxe4 16. Rxe4 c5 17. Re2 Qg5 18. f3 Rad8 19. Qc2 Bd4+ 20. Kh1 f5 21. Bb2
e4 22. Bxd4 cxd4 23. Qb1 d3 24. Re1 e3 25. Qd1 exd2 26. Rxd2 Qg3 27. Re3 Rfe8
28. Rdxd3 Rb8 29. Qd2 Rxe3 30. Qxe3 Rf8 31. Qe7 Qb8 32. Rd7 1-0

[Event "Summer Cup"]
[Site "Wellington Chess Club"]
[Date "2021.02.11"]
[Round "3.9"]
[White "Winter, Ryan"]
[Black "De Silva, Shashika"]
[Result "1-0"]
[WhiteElo "2165"]
[BlackElo "1500"]

1. e4 c6 2. d4 d5 3. e5 e6 4. Nf3 Nd7 5. Bd3 h6 6. O-O c5 7. c3 Ne7 8. a3 Nc6
9. b4 c4 10. Bc2 a5 11. b5 Ne7 12. a4 b6 13. Qe2 Bb7 14. Re1 Qc7 15. Ba3 Ng8
16. Nbd2 O-O-O 17. Nf1 Bxa3 18. Rxa3 g5 19. Ne3 Nf8 20. Raa1 Kb8 21. Rf1 Ne7
22. Ng4 Nfg6 23. Nf6 Nf4 24. Qd1 Ng8 25. Nxg8 Rdxg8 26. g3 Nh3+ 27. Kg2 g4 28.
Nd2 h5 29. Qe2 Qe7 30. f3 h4 31. fxg4 hxg3 32. hxg3 Ng5 33. Rh1 f6 34. Raf1
Rxh1 35. exf6 Qc7 36. Rxh1 e5 37. Nf3 Ne4 38. Nxe5 Nxc3 39. Qf3 Rf8 40. Rh7 1-0

[Event "Summer Cup"]
[Site "Wellington Chess Club"]
[Date "2021.02.11"]
[Round "3.10"]
[White "Shyamsundar, Tejas"]
[Black "Ker, Anthony"]
[Result "0-1"]
[WhiteElo "1647"]
[BlackElo "2440"]

1. d4 Nf6 2. c4 e6 3. g3 Bb4+ 4. Bd2 Qe7 5. Bg2 O-O 6. Nf3 Bxd2+ 7. Qxd2 d6 8.
Nc3 e5 9. Qc2 Re8 10. O-O Bg4 11. dxe5 dxe5 12. e3 c6 13. Qb3 Qc7 14. Nd2 Nbd7
15. Nde4 Rad8 16. c5 Re7 17. Qa4 a6 18. b4 Ne8 19. h3 Bh5 20. g4 Bg6 21. Ne2
Bxe4 22. Bxe4 Nef6 23. Bf5 g6 24. Bxd7 Rexd7 25. Qb3 Ne4 26. Rfd1 Nd2 27. Qc2
Nf3+ 28. Kg2 Rd2 29. Rxd2 Rxd2 30. Qc4 Nh4+ 31. Kg1 Qd8 32. Ng3 Qf6 33. Qf1 Qf3
34. Rc1 Qd5 35. a3 Nf3+ 36. Kh1 Ng5+ 37. Qg2 Rxf2 38. Qxd5 cxd5 39. Rd1 Nf3 40.
Nf1 d4 41. e4 Ng5 42. Ng3 Nxh3 0-1